ბათუმის შოთა რუსთაველის სახელმწიფო უნივერსიტეტის ბიბლიოთეკა

Почвоведение (ბიბ.ჩანაწერი № 45835)

000 -LEADER
fixed length control field 00633nam a2200229Ia 4500
001 - CONTROL NUMBER
control field 12664
003 - CONTROL NUMBER IDENTIFIER
control field GE_BSU
008 - FIXED-LENGTH DATA ELEMENTS--GENERAL INFORMATION
fixed length control field 181216s||||||||xx |||||||||||||| ||und||
040 ## - CATALOGING SOURCE
Transcribing agency GE_BSU
080 ## - UNIVERSAL DECIMAL CLASSIFICATION NUMBER
Universal Decimal Classification number 631.4(075.8)
100 ## - MAIN ENTRY--PERSONAL NAME
Personal name Глинка,К.П.
245 ## - TITLE STATEMENT
Title Почвоведение
245 ## - TITLE STATEMENT
Remainder of title Уч. пособие для сельскл-хоз. вузов
245 ## - TITLE STATEMENT
Statement of responsibility, etc. Ред.З.Филлипович
250 ## - EDITION STATEMENT
Edition statement 6-ое изд.(посмертное)
260 ## - PUBLICATION, DISTRIBUTION, ETC.
Place of publication, distribution, etc. Москва
260 ## - PUBLICATION, DISTRIBUTION, ETC.
Name of publisher, distributor, etc. Сельхозгиз
260 ## - PUBLICATION, DISTRIBUTION, ETC.
Date of publication, distribution, etc. 1935
300 ## - PHYSICAL DESCRIPTION
Extent 630стр.23см.
653 ## - INDEX TERM--UNCONTROLLED
Uncontrolled term Почвоведение
942 ## - ADDED ENTRY ELEMENTS (KOHA)
Koha item type წიგნი
ეგზემპლარები
Withdrawn status Lost status Damaged status Not for loan Date acquired Barcode Date last seen Price effective from Koha item type
        2018-12-17 20982 2018-12-17 2018-12-17 წიგნი